00723nam a2200193 a 450000100100000000500170001000800410002704000250006808200130009310000280010624000310013424500950016526000350026030000360029550400320033170000380036395201110040199900170051200004172020201002035722.0131016s1981 mx a 000 0 spa d aDO-SdBNPbspacBNPHU axxxbxxx1 aDick, Bernard F.96854510aAnatomy of film.linglés10aAnatomia del film /cBernard F. Dick. ; traducción al español de María Elisa Moreno. aMéxico, D. F.aNoema,c1981. a183 p. :bil., retrs. ;c21 cm. aBibliografía : p. 166-1701 aMoreno, María Elisaetr.968546 001050718MOaGRbGRcCTd2013-10-16iLF1l0oxxx xxxp41720-10r2020-06-25w2020-06-25y1ZNo se presta c41209d41209